| 000 | 00739nam a2200193Ia 4500 | ||
|---|---|---|---|
| 999 |
_c35031 _d35031 |
||
| 003 | GCL | ||
| 005 | 20240530102853.0 | ||
| 008 | 140319s9999 xx 000 0 ara d | ||
| 040 |
_aGCL / _cGCL |
||
| 082 | 0 | 4 |
_a011/ _bص أ |
| 100 | 1 | _aصديق حسن خان، ابو الطيب محمد بن على بن حسن بن على البخارى | |
| 245 | 1 | 0 |
_aابجد العلوم : _bالوشى المرقوم فى بيان احوال العلوم / _cالفة صديق بن حسن القنوجى |
| 260 |
_a[S.N] : _bوزارة الثقافة والارشاد القومى ، _c1978 |
||
| 300 | _a503 ص | ||
| 650 | 0 | 4 | _aالعلوم |
| 650 | 0 | 4 | _aالببليوجرافيات |
| 700 | 1 | _aعبدالجبار زكار | |
| 942 |
_2ddc _cBK |
||